000 00523nam a22001457a 4500
999 _c510606
_d510606
020 _a9789350025741
082 _aBA27x54 Sa31
100 _aSaldanha, Denzil
_98869
245 _aIdentity within hegemonic process:
_badivasi ethnicity- class
260 _aNew Delhi
_bAakar Books
_c2019
300 _aviii, 268p.
650 _aIndigenous peoples -- India -- Economic conditions.
_99755
650 _aIndigenous peoples -- India -- Social conditions.
_99756
650 _aIndigenous peoples -- India -- Ethnic identity.
_99757